Srpska istorija - Statistics

General Stats
  • This quiz has been taken 378 times
    334 since last reset
  • The average score is 35 of 63
Answer Stats
Pitanje Odgovor % Correct
Prvi arhiepiskop Srpske crkve Sveti Sava
92%
Grad u kom su spaljene mošti Svetog Save Beograd
90%
Sin Stefana Nemanje koji je od pape dobio kraljevsku titulu 1217. godine Stefan
89%
Pismo koje je stvorio Sveti Ćirilo Glagoljica
87%
Godina Kosovske bitke 1389
85%
Ubica sultana Murata u Kosovskom boju Miloš Obilić
82%
Glavni grad Srbije za vreme Stefana Nemanje Ras
81%
Ime koje je Stefan Nemanja uzeo nakon što se zamonašio Simeon
80%
Poslednji potomak Nemanjića na prestolu Srbije Uroš Nejaki
80%
Član "Mlade Bosne" koji je izvršio atentat na Franca Ferdinanda 1914. godine Gavrilo Princip
76%
Srpski velikaš koji je u Kosovskom boju proglašen za izdajnika Vuk Branković
76%
Država koja je objavila rat Srbiji 1914. godine Austrougarska
75%
Manastir u kom je Stefan Nemanja preminuo Hilandar
74%
Ostrvo na kom je srpska vojska završila nakon povlačenja u Prvom svetskom ratu Krf
73%
Država koja je započela Drugi balkanski rat Bugarska
72%
Predsednik Srbije od 2017. godine Aleksandar Vučić
70%
Godina kada je Srbija oslobođena u Prvom svetskom ratu 1918
69%
Autonomna pokrajina koja je proglasila nezavisnost od Srbije 2008. godine Kosovo
69%
Patrijarh Srpske pravoslavne crkve of 1990. do 2009. godine Pavle
69%
Vojvoda koji je predvodio srpsku vojsku u Kolubarskoj bici Živojin Mišić
69%
Najveći koncentracioni logor u Nezavisnoj Državi Hrvatskoj (NDH) tokom Drugog svetskog rata Jasenovac
68%
Glavni grad Srbije pre pada pod Osmansko carstvo Smederevo
67%
Poslednja žena Josipa Broza Tita Jovanka
66%
Glavni grad Srbije u vreme kneza Lazara Kruševac
66%
Manastir u kome se nalazi freska "Beli anđeo" Mileševa
65%
Manastir koji je Stefan Nemanja podigao kao svoju zadužbinu Studenica
65%
Mesto Drugog srpskog ustanka održanog 1815. godine Takovo
64%
Republika koje se prva odvojila od SFR Jugoslavije Slovenija
62%
Naziv zbirke pravnih sistema korišćenih u Srpskom carstvu nastalih 1349. godine Dušanov zakonik
61%
Ostrvo koje je korišćeno kao politički zatvor kada je Hrvatska bila deo Jugoslavije od 1949. i 1989. godine Goli Otok
60%
Godina kad je 5. oktobra srušen režim Slobodana Milošević 2000
59%
Sultan koji je posekao glavu kneza Lazara i zadržao je kao trofej Bajazit
59%
Vojvoda koji je predvodio srpsku vojsku u Cerskoj bici Stepa Stepanović
59%
Premijer Srbije na kog je izvršen atentat 2003. godine Zorana Đinđić
59%
Bitka u kojoj je Srbija odnela prvu pobedu u Prvom svetskom ratu Cerska bitka
58%
Srpski kralj koji je ubijen u Marseju 1933. godine Aleksandar Karađorđević
57%
Knez koji je 1867. godine potpuno oslobodio Kneževinu Srbiju od osmanskog vojnog prisustva Mihailo Obrenović
57%
Mesto u kom je Karađorđe izabran za vođu Prvog srpskog ustanka 1804. godine Orašac
56%
Grad u kome je Josip Broz Tito preminuo Ljubljana
51%
Prvi predsednik SR Jugoslavije nakon pada Slobodana Miloševića Vojislav Koštunica
50%
Sporazum koji je potpisan 1995. godine po okončanju rata u Bosni Dejtonski sporazum
49%
Grad u kom je Slobodan Milošević preminuo 2006. godine Hag
49%
Prvi predsednik Srbije nakon proglašenja nezavisnosti 2006. godine Boris Tadić
48%
Grad u kojem je održano drugo zasedanje AVNOJ-a 1943. godine Jajce
48%
Ostrvo koji je opisano u Bojićevoj pesmi "Plava grobnica" Vido
48%
Naziv završne akcije osvajanja Republike Srpske Krajine Oluja
41%
Dinastija koja je došla na vlast nakon što je dinastija Nemanjića prestala da postoji Mrnjavčević
40%
Grad koji je dobio status slobodnog grada nakon rata u Bosni Brčko
38%
Grad koji je bio centar prve slobodne teritorije Jugoslavije u Drugom svetskom ratu Užice
38%
Groblje u Grčkoj gde je sahranjeno oko 7.500 srpskih vojnika iz Prvog svetskog rata Zejtinlik
37%
Prvi predsednik Republike Srpske Radovan Karadžić
34%
Lider Srbije u Prvom svetskom ratu Nikola Pašić
33%
Grad u kome je bilo sedište Matice srpske pre premeštanja u Novi Sad Budimpešta
30%
Mesto "seče knezova" Valjevo
30%
Mesto zasedanja prvog AVNOJ-a 1942. godine Bihać
29%
Prvi srpski knez iz 8. veka čije je ime pouzdano zabeleženo u istorijskim izvorima Višeslav
25%
Prvi predsednik SR Jugoslavije Dobrica Ćosić
20%
Najmlađi sin Jug Bogdana Boško
15%
Najuspešniji premijer u posleratnoj Jugoslaviji Ante Marković
14%
Datum koji je bio ispisan na grbu SFRJ 29. XI 1943.
13%
Guverner Narodne banke Jugoslavije koji je zaustavio hiperinflaciju 1992. godine Dragoslav Avramović
13%
Grad u koji je deo srpske vojske prevezla francuska mornarica posle povlačenja kroz Albaniju 1915. godine Bizerta
10%
Poslednji predsednik SFR Jugoslavije Stjepan Mesić
10%
No matching quizzes found
Score Distribution
Percent of People with Each Score
Percentile by Number Answered
Your Score History
You have not taken this quiz since the last reset